| 000 | 01671nam0a2200337 4500 | ||
|---|---|---|---|
| 001 | RU\NLR\bibl\43018 | ||
| 005 | 20250615030520.0 | ||
| 010 |
_a5-87143-013-9 _9200 |
||
| 021 |
_aRU _b99-16753 _9807 |
||
| 035 | _a(NLR Aleph) 000041940 | ||
| 090 |
_a219838 _c219838 |
||
| 100 | _a19990812d1999 |||y0rusy50 ca | ||
| 101 | 0 | _arus | |
| 102 | _aRU | ||
| 105 | _ay ||||||||| | ||
| 200 | 1 |
_aПрименение неопиатных средств для оптимизации общей анестезии при лоронкологических операциях _eМетод. рекомендации _fС.М. Куйян, В.С. Погосов, Х.Д. Шадыев и др. _gМ-во здравоохранения и мед. пром-сти Рос. Федерации, Рос. мед. акад. последиплом. образования, Моск. мед. акад. им. И.М. Сеченова |
|
| 210 |
_aМ. _cВердикт-1М _d1999 |
||
| 215 |
_a15 с. _d22 |
||
| 300 | _aНа обороте тит. л. авт.: к.м.н. Куйян С.М., профессора Погосов В.С., Шадыев Х.Д. | ||
| 320 | _aБиблиогр.: с.15 | ||
| 606 | 0 |
_aЛорорганы _jМетодические пособия _xОпухоли _xХирургическое лечение _xОбезболивание _92103251 _3RU\NLR\auth\661271785 |
|
| 686 | _aР569.68-591я8 | ||
| 701 | 1 |
_aКуйян _bС. М. _4070 |
|
| 701 | 1 |
_aПогосов _bВ. С. _4070 |
|
| 701 | 1 |
_aШадыев _bХ. Д. _4070 |
|
| 801 | 0 |
_aRU _bNLR _c19990812 _gPSBO |
|
| 801 | 1 |
_aRU _bNLR _c19990812 |
|
| 852 |
_aNLR _j99-6/680 |
||
| 942 | _cBOOK | ||
| 980 | _aNB | ||